| 000 | 00667nam a2200241Ia 4500 | ||
|---|---|---|---|
| 003 | OSt | ||
| 005 | 20221005025139.0 | ||
| 006 | a|||||r|||| 00| 0 | ||
| 007 | ta | ||
| 008 | 221004b |||||||| |||| 00| 0 eng d | ||
| 024 | _a27117 | ||
| 037 | _cTextual | ||
| 040 |
_aCRL _cCRL _beng |
||
| 041 |
_2eng _aeng |
||
| 082 | _aV2:1:L, K9 | ||
| 100 | _aBhattacharya Sukumar | ||
| 245 | 0 | _aEast India Company and the economy of Bengal from 1704 to 1740 | |
| 260 |
_aCalcutta _bFirma K L Mukhopadhyay _c1969 |
||
| 300 |
_a232p. _ccm. |
||
| 650 | _aINDIA - HISTORY | ||
| 942 |
_hV2:1:L, K9 _cTEXL _2cc |
||
| 999 |
_c934198 _d934198 |
||